000 01135cab a2200313 4500
001 ABS56863
008 090401t xxu||||| |||| 00| 0 eng d
035 _a(Sirsi) u78044
041 _aeng
100 _aSmithers, T.
245 _aSpace in the hole
350 _a0
490 _aEstates Gazette
_v(9716) 19 April 119-121(3)
520 _aThe authors demonstrate how to successfully sublet business space. They give an example of key headlease terms that should be included in an agreement and summarise the landlord`s rights. Case law.
650 _aBLOCKBUSTER ENTERTAINMENT LTD V LEAKCLIFF PROPERTIES LTD
650 _aDONG BANG MINERVA UK LTD V DAVINA LTD
650 _aHEADLEASE
650 _aINTERNATIONAL DRILLING FLUIDS LTD V LOUISVILLE INVESTMENTS (UXBRIDGE) LTD
650 _aLANDLORD AND TENANT ACT 1954
650 _aLANDLORD AND TENANT ACT 1988
650 _aSERVICE CHARGES
650 _aSUBLEASE
650 _aSUBLETTING
650 _aTOOTAL CLOTHING LTD V GUINEA PROPERTIES LTD
690 _aLANDLORD AND TENANT-BUSINESS TENANCIES
700 _aWillis, B.
942 _n0
948 _c29/04/1997
999 _c49098
_d49098